Una región ante el colapso económico: la agonía del occidente /

Salvato in:
Dettagli Bibliografici
Natura: testo
Tags: Aggiungi Tag
Nessun Tag, puoi essere il primo ad aggiungerne!!

MARC

LEADER 00000 a a2200000 04500
001 45957
003
040
020 |a Fernández A., Guillermo  
245 |a Una región ante el colapso económico:   |b la agonía del occidente /  |c Guillermo Fernández A.  
773 |g volumen13, número365 (1993), páginas 9-15 : fotos  
999 |c 25207  |d 25207